[Event "10. Open Internacional de Málaga"]
[Site "Campillos ESP"]
[Date "2007.02.24"]
[Round "1.1"]
[White "Strikovic, Aleksa"]
[Black "Jimenez Ruiz, Jose Carlos"]
[Result "1-0"]
[WhiteElo "2557"]
[BlackElo "2041"]
[PlyCount "85"]
[EventDate "2007.02.24"]
[EventType "swiss"]
[EventRounds "9"]
[EventCountry "ESP"]
[Source "lmi"]
[SourceDate "2007.02.24"]

1. c4 e5 2. Nc3 Nf6 3. Nf3 d6 4. d4 Nbd7 5. Bg5 Be7 6. e3 O-O 7. Be2 c6 8. Qc2
Re8 9. O-O Qc7 10. Rfd1 Nf8 11. b4 a6 12. c5 Ng6 13. cxd6 Bxd6 14. Bxf6 gxf6
15. Ne4 Be7 16. d5 Rd8 17. d6 Bxd6 18. Nxf6+ Kg7 19. Nh5+ Kh8 20. h3 Be6 21.
Ng5 Qe7 22. Nxe6 Qxe6 23. Bc4 Qe7 24. Qf5 Nh4 25. Qxf7 Qxf7 26. Bxf7 Bxb4 27.
Rxd8+ Rxd8 28. Rb1 a5 29. a3 Bd6 30. Rxb7 Rb8 31. Rd7 Bxa3 32. Bd5 Rf8 33. Bxc6
Ng6 34. Ra7 Bb4 35. Be4 Ne7 36. g4 Kg8 37. g5 Kh8 38. h4 Kg8 39. Nf6+ Kg7 40.
Nd5 Rf7 41. Nxb4 axb4 42. h5 h6 43. g6 1-0

[Event "10. Open Internacional de Málaga"]
[Site "Campillos ESP"]
[Date "2007.02.24"]
[Round "1.2"]
[White "Ladron de Guevara Pinto, Fermin"]
[Black "Matamoros Franco, Carlos S"]
[Result "0-1"]
[WhiteElo "2014"]
[BlackElo "2540"]
[PlyCount "60"]
[EventDate "2007.02.24"]
[EventType "swiss"]
[EventRounds "9"]
[EventCountry "ESP"]
[Source "lmi"]
[SourceDate "2007.02.24"]

1. Nf3 g6 2. c4 Bg7 3. g3 Nf6 4. Bg2 O-O 5. O-O d6 6. Nc3 e5 7. d3 h6 8. Rb1 a5
9. a3 Re8 10. b4 axb4 11. axb4 e4 12. Nxe4 Nxe4 13. dxe4 Rxe4 14. Nd2 Re8 15.
e3 Nc6 16. Bb2 Bf5 17. e4 Bd7 18. Bxg7 Kxg7 19. Kh1 Qf6 20. f4 Ra2 21. b5 Nd4
22. Ra1 Bg4 23. Qxg4 Rxd2 24. Ra7 Nc2 25. Qd7 Rd8 26. Qxc7 Ne3 27. e5 dxe5 28.
fxe5 Qxf1+ 29. Bxf1 Rd1 30. h4 Rxf1+ 0-1

[Event "10. Open Internacional de Málaga"]
[Site "Campillos ESP"]
[Date "2007.02.24"]
[Round "1.3"]
[White "Suba, Mihai"]
[Black "Bolle, Leendert"]
[Result "1-0"]
[WhiteElo "2529"]
[BlackElo "2011"]
[PlyCount "99"]
[EventDate "2007.02.24"]
[EventType "swiss"]
[EventRounds "9"]
[EventCountry "ESP"]
[Source "lmi"]
[SourceDate "2007.02.24"]

1. b3 e6 2. Bb2 Nf6 3. Nf3 c5 4. c4 Nc6 5. e3 d5 6. cxd5 exd5 7. Be2 Be7 8. d4
b6 9. O-O O-O 10. Nc3 Bb7 11. Rc1 Rc8 12. Qd3 Re8 13. dxc5 bxc5 14. Rfd1 Nb4
15. Qb1 Qa5 16. a3 Na6 17. Ne1 d4 18. exd4 cxd4 19. Rxd4 Qe5 20. Bxa6 Bxa6 21.
Nf3 Qb8 22. b4 Bb7 23. Qd3 Bd8 24. Ne2 Bb6 25. Rxc8 Qxc8 26. Rh4 Be4 27. Qc3
Qd7 28. Ned4 Qd5 29. h3 Re7 30. Qb3 Bxf3 31. Qxf3 Re1+ 32. Kh2 Bc7+ 33. g3 Be5
34. Kg2 Rb1 35. Qxd5 Nxd5 36. Re4 f6 37. Re2 Nb6 38. f4 Bxd4 39. Bxd4 Nc4 40.
Bxa7 Nxa3 41. Bc5 Kf7 42. f5 h5 43. h4 Nb5 44. Rd2 Nc3 45. Rd8 g6 46. Rd7+ Kg8
47. fxg6 Ne4 48. Kf3 f5 49. Bd4 Rf1+ 50. Kg2 1-0

[Event "10. Open Internacional de Málaga"]
[Site "Campillos ESP"]
[Date "2007.02.24"]
[Round "1.5"]
[White "Tratar, Marko"]
[Black "Garzon Rodriguez, Jose Manuel"]
[Result "1-0"]
[WhiteElo "2478"]
[BlackElo "1995"]
[PlyCount "49"]
[EventDate "2007.02.24"]
[EventType "swiss"]
[EventRounds "9"]
[EventCountry "ESP"]
[Source "lmi"]
[SourceDate "2007.02.24"]

1. Nf3 d5 2. d4 Nf6 3. c4 e6 4. g3 b6 5. Bg2 Bb7 6. cxd5 Bb4+ 7. Nc3 Nxd5 8.
Bd2 O-O 9. O-O Be7 10. Qc2 Nd7 11. Nxd5 Bxd5 12. e4 Bb7 13. Rad1 Nf6 14. Rfe1
Rc8 15. Bc3 c6 16. Ne5 Qc7 17. b4 Rfd8 18. Bh3 c5 19. bxc5 bxc5 20. d5 exd5 21.
Bxc8 Qxc8 22. exd5 Nxd5 23. Ba5 Qh3 24. f3 Rc8 25. Qb3 1-0

[Event "10. Open Internacional de Málaga"]
[Site "Campillos ESP"]
[Date "2007.02.24"]
[Round "1.6"]
[White "Pedraza Fernandez, Miguel Angel"]
[Black "Djuric, Stefan"]
[Result "0-1"]
[WhiteElo "1982"]
[BlackElo "2464"]
[PlyCount "58"]
[EventDate "2007.02.24"]
[EventType "swiss"]
[EventRounds "9"]
[EventCountry "ESP"]
[Source "lmi"]
[SourceDate "2007.02.24"]

1. d4 g6 2. e4 Bg7 3. Nf3 c5 4. c3 cxd4 5. cxd4 d5 6. e5 Nc6 7. Nc3 Bg4 8. Be2
Bxf3 9. Bxf3 e6 10. O-O Nge7 11. Bg5 Qb6 12. Bxe7 Nxe7 13. Na4 Qd8 14. Nc5 O-O
15. Nxb7 Qb6 16. Nc5 Qxb2 17. Nb3 Rfc8 18. Re1 Bh6 19. Re2 Qc3 20. Qe1 a5 21.
Qxc3 Rxc3 22. Rd1 Nc6 23. h3 a4 24. Na1 Rb8 25. Ree1 Rb2 26. Be2 Bd2 27. Rb1
Rxa2 28. Red1 Nxd4 29. Bf1 Rca3 0-1

[Event "10. Open Internacional de Málaga"]
[Site "Campillos ESP"]
[Date "2007.02.24"]
[Round "1.7"]
[White "Colovic, Aleksandar"]
[Black "Blanco Villalba, Jose Francisco"]
[Result "1-0"]
[WhiteElo "2463"]
[BlackElo "1980"]
[PlyCount "87"]
[EventDate "2007.02.24"]
[EventType "swiss"]
[EventRounds "9"]
[EventCountry "ESP"]
[Source "lmi"]
[SourceDate "2007.02.24"]

1. e4 c5 2. Nf3 g6 3. d4 cxd4 4. Nxd4 Nc6 5. Be3 Nf6 6. Nc3 Bg7 7. Bc4 O-O 8.
Bb3 a5 9. f3 d5 10. Bxd5 Nxd5 11. Nxd5 e6 12. Nxc6 bxc6 13. Nb6 Rb8 14. Qxd8
Rxd8 15. Rb1 Ba6 16. Na4 Bd4 17. Kf2 Bb5 18. b3 Bxa4 19. bxa4 Rb4 20. Rxb4 axb4
21. Rb1 c5 22. Rb3 Bxe3+ 23. Kxe3 Ra8 24. a3 bxa3 25. Rxa3 Ra5 26. Kd3 Kf8 27.
Kc4 Ke7 28. f4 Kd6 29. e5+ Ke7 30. g3 h5 31. Rb3 Rxa4+ 32. Kxc5 Ra7 33. c4 Kd7
34. Kb6 Rc7 35. c5 Rc6+ 36. Kb5 Rc8 37. Rd3+ Kc7 38. c6 Rb8+ 39. Kc5 Rb2 40.
Rd7+ Kc8 41. Rxf7 Rxh2 42. Kd6 Rd2+ 43. Kxe6 Rd3 44. Kf6 1-0

[Event "10. Open Internacional de Málaga"]
[Site "Campillos ESP"]
[Date "2007.02.24"]
[Round "1.8"]
[White "Garcia Rodriguez, Victor"]
[Black "Sakelsek, Tadej"]
[Result "1/2-1/2"]
[WhiteElo "1975"]
[BlackElo "2454"]
[PlyCount "96"]
[EventDate "2007.02.24"]
[EventType "swiss"]
[EventRounds "9"]
[EventCountry "ESP"]
[Source "lmi"]
[SourceDate "2007.02.24"]

1. e4 c5 2. Nf3 Nc6 3. d4 cxd4 4. Nxd4 Qc7 5. Nc3 e6 6. Be3 a6 7. g3 Nf6 8. Bg2
Ne5 9. O-O Bc5 10. Bf4 d6 11. Bg5 Nfg4 12. h3 h6 13. Bc1 Nf6 14. Kh2 Bd7 15.
Nce2 O-O 16. f4 Ng6 17. g4 e5 18. Nf5 exf4 19. Nxf4 Bb5 20. Rf3 Nxe4 21. Nd5
Qd8 22. b4 Ba7 23. Bb2 f6 24. h4 Nf2 25. Rxf2 Bxf2 26. h5 Ne5 27. Nde7+ Kh8 28.
Bxe5 fxe5 29. Ng6+ Kh7 30. Be4 Qg5 31. Nxf8+ Rxf8 32. Qxd6 Qf6 33. Ne7+ g6 34.
hxg6+ Kg7 35. Qxf6+ Kxf6 36. a4 Be8 37. Nd5+ Kg7 38. Nc7 Bd7 39. Kg2 Bb6 40.
Nd5 Bd8 41. Ne3 Be8 42. Rd1 Bg5 43. Nf5+ Kxg6 44. Nd6+ Kf6 45. Nxe8+ Rxe8 46.
Rd6+ Re6 47. Rxe6+ Kxe6 48. Bxb7 Bd2 1/2-1/2

[Event "10. Open Internacional de Málaga"]
[Site "Campillos ESP"]
[Date "2007.02.24"]
[Round "1.9"]
[White "Bellon Lopez, Juan Manuel"]
[Black "Munoz Jorva, Miguel Angel"]
[Result "1-0"]
[WhiteElo "2442"]
[BlackElo "1961"]
[PlyCount "41"]
[EventDate "2007.02.24"]
[EventType "swiss"]
[EventRounds "9"]
[EventCountry "ESP"]
[Source "lmi"]
[SourceDate "2007.02.24"]

1. d4 d5 2. Nf3 Nf6 3. c4 dxc4 4. Nc3 c5 5. e4 cxd4 6. Qxd4 Qxd4 7. Nxd4 e5 8.
Ndb5 Na6 9. Bxc4 Bd7 10. O-O Be7 11. Bg5 O-O 12. Bxf6 gxf6 13. Nd5 Bd8 14. Nd6
Bc6 15. b4 Bxd5 16. exd5 Nxb4 17. Rab1 Nc2 18. Rxb7 Kg7 19. Nf5+ Kh8 20. d6 Bb6
21. Nh6 1-0

[Event "10. Open Internacional de Málaga"]
[Site "Campillos ESP"]
[Date "2007.02.24"]
[Round "1.10"]
[White "Maz Machado, Alexander"]
[Black "Fernandez Romero, Ernesto"]
[Result "0-1"]
[WhiteElo "1960"]
[BlackElo "2434"]
[PlyCount "72"]
[EventDate "2007.02.24"]
[EventType "swiss"]
[EventRounds "9"]
[EventCountry "ESP"]
[Source "lmi"]
[SourceDate "2007.02.24"]

1. e4 c5 2. Nf3 Nc6 3. d4 cxd4 4. Nxd4 Qc7 5. Nb5 Qb8 6. c4 a6 7. N5c3 e6 8. g3
Nf6 9. Bg2 b5 10. cxb5 axb5 11. O-O b4 12. Ne2 Ba6 13. Nd2 h5 14. Nb3 h4 15.
Re1 hxg3 16. hxg3 Bd6 17. Nf4 g5 18. Nd5 exd5 19. exd5+ Ne5 20. Bxg5 Ng8 21. f4
Kf8 22. fxe5 Bxe5 23. Nc5 Ra7 24. Nxa6 Rxa6 25. Qe2 Bd4+ 26. Be3 Bxe3+ 27. Qxe3
Rg6 28. Rac1 Nf6 29. Qe5 Qa7+ 30. Qe3 Qxa2 31. Qc5+ Kg7 32. Qxb4 Rxg3 33. d6
Rxg2+ 34. Kxg2 Qd5+ 35. Kf2 Rh2+ 36. Ke3 Rh3+ 0-1

[Event "10. Open Internacional de Málaga"]
[Site "Campillos ESP"]
[Date "2007.02.24"]
[Round "1.11"]
[White "Dias, Paulo"]
[Black "Tamajon Castilla, Fco Javier"]
[Result "1-0"]
[WhiteElo "2425"]
[BlackElo "1960"]
[PlyCount "49"]
[EventDate "2007.02.24"]
[EventType "swiss"]
[EventRounds "9"]
[EventCountry "ESP"]
[Source "lmi"]
[SourceDate "2007.02.24"]

1. e4 e5 2. Nf3 Nf6 3. Nxe5 d5 4. Nf3 Nxe4 5. Nc3 Nxc3 6. dxc3 Be7 7. Bf4 O-O
8. Qd2 Nd7 9. O-O-O Nc5 10. Be3 Be6 11. Nd4 a5 12. Nxe6 Nxe6 13. f4 Nc5 14. g4
Qb8 15. g5 b5 16. f5 Re8 17. Bg2 Ra6 18. Rhf1 b4 19. f6 Bf8 20. Bxc5 Bxc5 21.
Bxd5 Bd6 22. fxg7 bxc3 23. Qxc3 Be5 24. Rxf7 Rd6 25. Bc4 1-0

[Event "10. Open Internacional de Málaga"]
[Site "Campillos ESP"]
[Date "2007.02.24"]
[Round "1.12"]
[White "Fernandez Calzada, Juan A"]
[Black "Ivanov, Jordan"]
[Result "0-1"]
[WhiteElo "1955"]
[BlackElo "2377"]
[PlyCount "91"]
[EventDate "2007.02.24"]
[EventType "swiss"]
[EventRounds "9"]
[EventCountry "ESP"]
[Source "lmi"]
[SourceDate "2007.02.24"]

1. e4 c5 2. Nf3 e6 3. d4 cxd4 4. Nxd4 a6 5. Bd3 Bc5 6. Nb3 Be7 7. O-O d6 8. Be3
Nf6 9. c4 b6 10. Nc3 Bb7 11. Qe2 Nbd7 12. f3 O-O 13. Rac1 Rc8 14. Qf2 Qc7 15.
Rfd1 Bd8 16. Bf1 Qb8 17. Na4 Bc6 18. Nc3 Bc7 19. Nd4 Ba8 20. g3 Kh8 21. b3 Rg8
22. Nde2 g5 23. Bg2 Rg6 24. Bd4 Rcg8 25. g4 b5 26. cxb5 d5 27. Ng3 axb5 28.
exd5 b4 29. dxe6 fxe6 30. Nce4 Bxe4 31. Rxc7 Qxc7 32. Nxe4 e5 33. Nxf6 Rxf6 34.
Bb2 Rd6 35. Re1 Re8 36. Qe2 Rc6 37. Qb5 Rc2 38. Ba1 Qa7+ 39. Kh1 Qf2 40. Qf1
Rxa2 41. Qxf2 Rxf2 42. Kg1 Ra2 43. Kf1 Rea8 44. Bxe5+ Nxe5 45. Rxe5 Rb2 46. Re3
0-1

[Event "10. Open Internacional de Málaga"]
[Site "Campillos ESP"]
[Date "2007.02.24"]
[Round "1.13"]
[White "Pilaj, Herwig"]
[Black "Espinosa Luna, Jose M"]
[Result "1-0"]
[WhiteElo "2373"]
[BlackElo "1946"]
[PlyCount "61"]
[EventDate "2007.02.24"]
[EventType "swiss"]
[EventRounds "9"]
[EventCountry "ESP"]
[Source "lmi"]
[SourceDate "2007.02.24"]

1. d4 Nf6 2. Nf3 g6 3. c4 c5 4. d5 b5 5. cxb5 a6 6. b6 Qxb6 7. Nc3 Bg7 8. e4 d6
9. Nd2 O-O 10. Nc4 Qc7 11. a4 Nbd7 12. a5 Rb8 13. Be2 Ne8 14. O-O Ne5 15. Ne3
Nf6 16. f4 Ned7 17. Nc4 Rd8 18. Kh1 Nf8 19. f5 N6d7 20. Bf4 Ne5 21. Bxe5 Bxe5
22. Nxe5 dxe5 23. b3 Rb4 24. Bc4 Rd6 25. Qf3 Rf6 26. d6 Qxd6 27. Rad1 Qb8 28.
Nd5 gxf5 29. Nxf6+ exf6 30. Qg3+ Kh8 31. Rd8 1-0

[Event "10. Open Internacional de Málaga"]
[Site "Campillos ESP"]
[Date "2007.02.24"]
[Round "1.14"]
[White "Rautanen, Sari"]
[Black "Recuero Guerra, David"]
[Result "0-1"]
[WhiteElo "1943"]
[BlackElo "2357"]
[PlyCount "80"]
[EventDate "2007.02.24"]
[EventType "swiss"]
[EventRounds "9"]
[EventCountry "ESP"]
[Source "lmi"]
[SourceDate "2007.02.24"]

1. Nf3 Nc6 2. g3 e5 3. d3 d5 4. Bg2 Nf6 5. O-O Be7 6. c3 O-O 7. Qc2 h6 8. b4 a6
9. a3 Re8 10. e4 Bf8 11. Nbd2 Bg4 12. h3 Be6 13. Bb2 dxe4 14. dxe4 Qd7 15. Kh2
Rad8 16. Rfd1 Qd3 17. Qxd3 Rxd3 18. Bf1 Rd6 19. Be2 Red8 20. c4 R6d7 21. Kg2
Nxb4 22. axb4 Bxb4 23. Nf1 Rxd1 24. Rxd1 Rxd1 25. Bxd1 Nxe4 26. Bc2 Nd6 27.
Bxe5 Bxc4 28. Ne3 Ba2 29. Kf1 b5 30. Nd4 Bc3 31. Nc6 Bxe5 32. Nxe5 a5 33. Nc6
a4 34. Ke1 a3 35. Kd2 Bd5 36. Ne7+ Kf8 37. Kc3 b4+ 38. Kxb4 a2 39. N7xd5 a1=Q
40. Nxc7 Qd4+ 0-1

[Event "10. Open Internacional de Málaga"]
[Site "Campillos ESP"]
[Date "2007.02.24"]
[Round "1.15"]
[White "Kovacevic, Slobodan"]
[Black "Anaya Lopez, Victor"]
[Result "1-0"]
[WhiteElo "2328"]
[BlackElo "1941"]
[PlyCount "107"]
[EventDate "2007.02.24"]
[EventType "swiss"]
[EventRounds "9"]
[EventCountry "ESP"]
[Source "lmi"]
[SourceDate "2007.02.24"]

1. d4 Nf6 2. Nf3 d5 3. Bf4 c5 4. e3 Nc6 5. c3 Qb6 6. Qb3 c4 7. Qc2 Bf5 8. Qc1
e6 9. Nbd2 Qd8 10. Be2 Bd6 11. Bd1 Ne4 12. Bc2 Bxf4 13. exf4 Nd6 14. Qb1 b5 15.
a3 a5 16. O-O O-O 17. Ne5 Nb8 18. Re1 Re8 19. Nf1 g6 20. Nf3 Nc6 21. Ne3 Bxc2
22. Qxc2 f5 23. b4 cxb3 24. Qxb3 a4 25. Qa2 Ne4 26. Rac1 Na5 27. Ne5 Rc8 28.
Qb2 Nb3 29. Rc2 Qa5 30. Nd3 Nxc3 31. Nb4 Ne4 32. Rce2 Rc7 33. Nec2 Qb6 34. Re3
Nbd2 35. R3e2 Nc4 36. Qa2 Qd6 37. g3 Na5 38. Ne3 Nb3 39. Qb2 Nc3 40. Nxf5 Nxe2+
41. Qxe2 Qd7 42. Qe5 Rf8 43. Nh4 Rc1 44. Rxc1 Nxc1 45. Nf3 Rf5 46. Qb8+ Rf8 47.
Qb6 Rf6 48. Ne1 Qe8 49. Nc6 h6 50. Qxb5 Qa8 51. Qc5 Nb3 52. Qd6 Nd2 53. Qd7 Rf7
54. Qxe6 1-0

[Event "10. Open Internacional de Málaga"]
[Site "Campillos ESP"]
[Date "2007.02.24"]
[Round "1.16"]
[White "Suuronen, Petri"]
[Black "Karim, Ismael"]
[Result "1/2-1/2"]
[WhiteElo "1931"]
[BlackElo "2324"]
[PlyCount "53"]
[EventDate "2007.02.24"]
[EventType "swiss"]
[EventRounds "9"]
[EventCountry "ESP"]
[Source "lmi"]
[SourceDate "2007.02.24"]

1. Nf3 d5 2. d4 Nf6 3. c4 c6 4. cxd5 cxd5 5. Nc3 Nc6 6. Bf4 Ne4 7. Rc1 Nxc3 8.
bxc3 g6 9. e3 Bg7 10. Bd3 O-O 11. O-O b6 12. c4 Nb4 13. cxd5 Nxd3 14. Qxd3 Qxd5
15. Qb3 Be6 16. Qxd5 Bxd5 17. Rc2 Rac8 18. Rfc1 Be6 19. Ne5 Rxc2 20. Rxc2 Rc8
21. Rxc8+ Bxc8 22. Nc6 Be6 23. Nxa7 Bxa2 24. Bc7 Bb3 25. Bxb6 Ba4 26. Bc7 Kf8
27. Be5 1/2-1/2

[Event "10. Open Internacional de Málaga"]
[Site "Campillos ESP"]
[Date "2007.02.24"]
[Round "1.17"]
[White "Fenollar Jorda, Manuel"]
[Black "Almagro Guardia, Elena"]
[Result "1-0"]
[WhiteElo "2307"]
[BlackElo "1921"]
[PlyCount "131"]
[EventDate "2007.02.24"]
[EventType "swiss"]
[EventRounds "9"]
[EventCountry "ESP"]
[Source "lmi"]
[SourceDate "2007.02.24"]

1. d4 d5 2. Nf3 e6 3. e3 Nf6 4. Bd3 Nbd7 5. Nbd2 c5 6. c3 Be7 7. O-O b6 8. Ne5
Bb7 9. f4 g6 10. Qf3 Qc7 11. Qh3 O-O 12. Ndf3 Ne4 13. Bd2 f5 14. Be1 Nxe5 15.
Nxe5 a5 16. Bh4 Ba6 17. Bxe7 Qxe7 18. Rfd1 Bxd3 19. Rxd3 Rfc8 20. dxc5 Rxc5 21.
Qf3 Rac8 22. Rd4 b5 23. a3 Qc7 24. Rad1 Nd6 25. Nd3 Rc4 26. h4 Qg7 27. Qf1 Qf6
28. g3 Ne4 29. Kg2 Qe7 30. Ne5 R4c5 31. Nd3 Rc4 32. Ne5 R4c5 33. Nf3 Nf6 34.
Qd3 Ng4 35. Ra1 Qa7 36. Qe2 h5 37. Rad1 Qb6 38. Ne1 Rc4 39. Nd3 Kg7 40. Qf3 Qa7
41. Qe2 Qb6 42. Rc1 Qc7 43. Re1 Qb6 44. Qd1 Kf6 45. Qa1 Kg7 46. Kf3 Qb7 47. Rc1
R4c7 48. Ke2 Qb6 49. b4 axb4 50. axb4 Ra7 51. Qb2 Rca8 52. Rc2 Ra3 53. c4 bxc4
54. Rdxc4+ Kg8 55. Rc8+ Rxc8 56. Rxc8+ Kf7 57. Ne5+ Nxe5 58. Qxa3 Nc4 59. Qc3
Qa7 60. Ke1 Qb6 61. Rh8 Qxe3+ 62. Qxe3 Nxe3 63. b5 Ke7 64. Rg8 d4 65. b6 Kd7
66. b7 1-0

[Event "10. Open Internacional de Málaga"]
[Site "Campillos ESP"]
[Date "2007.02.24"]
[Round "1.18"]
[White "Ortiz Cano, Francisco Jose"]
[Black "Camacho Collados, Jose"]
[Result "0-1"]
[WhiteElo "1920"]
[BlackElo "2306"]
[PlyCount "60"]
[EventDate "2007.02.24"]
[EventType "swiss"]
[EventRounds "9"]
[EventCountry "ESP"]
[Source "lmi"]
[SourceDate "2007.02.24"]

1. d4 Nf6 2. Nf3 g6 3. Bg5 Bg7 4. Nbd2 d5 5. e3 O-O 6. Be2 Nbd7 7. c4 dxc4 8.
Bxc4 c5 9. O-O b6 10. Qe2 Bb7 11. Rfd1 Rc8 12. Rac1 cxd4 13. Nxd4 Rc5 14. Bxf6
Nxf6 15. N2f3 Qa8 16. Bb3 Ne4 17. Rxc5 Nxc5 18. Rc1 Rd8 19. Ng5 Nxb3 20. axb3
Rd5 21. Ngf3 e5 22. Nb5 Ba6 23. Nc7 Bxe2 24. Nxa8 Rd8 25. Nc7 e4 26. Ng5 Bxb2
27. Re1 Bc3 28. Rc1 Bb2 29. Re1 Be5 30. Rc1 Bxc7 0-1

[Event "10. Open Internacional de Málaga"]
[Site "Campillos ESP"]
[Date "2007.02.24"]
[Round "1.19"]
[White "Terron Elena, Francisco Miguel"]
[Black "Cucarella Montell, Angels"]
[Result "1-0"]
[WhiteElo "2288"]
[BlackElo "1908"]
[PlyCount "84"]
[EventDate "2007.02.24"]
[EventType "swiss"]
[EventRounds "9"]
[EventCountry "ESP"]
[Source "lmi"]
[SourceDate "2007.02.24"]

1. d4 f5 2. Nc3 d5 3. Bg5 Nf6 4. Bxf6 exf6 5. e3 Be6 6. Bd3 Nc6 7. a3 Qd7 8. h4
O-O-O 9. h5 Kb8 10. Qf3 Ne7 11. Nge2 Rg8 12. O-O-O c6 13. Ng3 g6 14. hxg6 hxg6
15. Kb1 Nc8 16. Na4 b6 17. Qe2 Nd6 18. f3 Nb5 19. Bxb5 cxb5 20. Nc3 b4 21. axb4
Bxb4 22. Qd3 Qc7 23. Nge2 Bc8 24. Qb5 Bxc3 25. Nxc3 Bb7 26. Rh6 Bc6 27. Qf1 Qe7
28. Qf2 Rde8 29. Qg3+ Qc7 30. Qxc7+ Kxc7 31. Re1 Re6 32. Kc1 g5 33. Rh7+ Kb8
34. Kd2 Rge8 35. Rf7 f4 36. e4 dxe4 37. d5 Rd6 38. fxe4 Bd7 39. Rh1 g4 40. b4
a5 41. bxa5 bxa5 42. Rb1+ Ka7 1-0

[Event "10. Open Internacional de Málaga"]
[Site "Campillos ESP"]
[Date "2007.02.24"]
[Round "1.20"]
[White "Ortega Gonzalez, Jose Luis"]
[Black "Cruz Ravina, Francisco Javier"]
[Result "0-1"]
[WhiteElo "1899"]
[BlackElo "2285"]
[PlyCount "60"]
[EventDate "2007.02.24"]
[EventType "swiss"]
[EventRounds "9"]
[EventCountry "ESP"]
[Source "lmi"]
[SourceDate "2007.02.24"]

1. d4 Nf6 2. c4 d6 3. g3 g6 4. Bg2 Bg7 5. Nf3 Nbd7 6. Nc3 e5 7. dxe5 dxe5 8.
O-O O-O 9. e3 c6 10. b4 Nb6 11. c5 Nbd5 12. Qb3 a5 13. Nxd5 Qxd5 14. Bb2 e4 15.
Nd4 Qh5 16. a3 Bh3 17. Ne2 Bxg2 18. Nf4 Qg4 19. Kxg2 g5 20. Nh3 Qf3+ 21. Kg1 h6
22. Qd1 Rfd8 23. Qxf3 exf3 24. Rad1 Ne4 25. Bxg7 Kxg7 26. Rd4 Rxd4 27. exd4
axb4 28. axb4 f5 29. Re1 Kf6 30. Kf1 Nd2+ 0-1

[Event "10. Open Internacional de Málaga"]
[Site "Campillos ESP"]
[Date "2007.02.25"]
[Round "2.2"]
[White "Matamoros Franco, Carlos S"]
[Black "Naranjo Moreno, Antonio"]
[Result "1-0"]
[WhiteElo "2540"]
[BlackElo "2224"]
[PlyCount "151"]
[EventDate "2007.02.24"]
[EventType "swiss"]
[EventRounds "9"]
[EventCountry "ESP"]
[Source "lmi"]
[SourceDate "2007.02.24"]

1. c4 Nf6 2. g3 g6 3. Bg2 Bg7 4. Nc3 O-O 5. d4 d6 6. Nf3 Nc6 7. O-O e5 8. d5
Ne7 9. e4 Nd7 10. Ne1 f5 11. Nd3 Nf6 12. Bg5 fxe4 13. Nxe4 Nxe4 14. Bxe4 Bf5
15. Qe2 Qd7 16. Bxe7 Qxe7 17. Bxf5 Rxf5 18. Nf4 Rxf4 19. gxf4 Qh4 20. fxe5 Bxe5
21. f3 b6 22. Kh1 Rf8 23. Rae1 Rf5 24. b3 Qf4 25. Qc2 Rh5 26. Re2 Rh4 27. Qd2
Qf5 28. f4 g5 29. Rg2 Bxf4 30. Qe1 Kf7 31. Re2 Kg6 32. Re6+ Kf7 33. Re7+ Kf6
34. Rf2 Qc8 35. Qe4 Qg4 36. Qe2 Qf5 37. Qe6+ Qxe6 38. Rxe6+ Kf7 39. Rfe2 Be5
40. Rf2+ Bf4 41. Kg1 Rh3 42. Kf1 h5 43. Rfe2 Be5 44. Rf2+ Bf4 45. Rfe2 Be5 46.
Kg1 Rh4 47. R2xe5 dxe5 48. Rxe5 Rg4+ 49. Kf2 Rf4+ 50. Kg2 Rg4+ 51. Kf3 Rf4+ 52.
Ke3 Rh4 53. Rxg5 Rxh2 54. a4 a5 55. d6 cxd6 56. Rb5 h4 57. Rxb6 Ke7 58. Kf3 h3
59. Kg3 Rh1 60. Rb5 Kd7 61. Rxa5 Kc6 62. Rb5 Kc7 63. Rb4 Kc6 64. Rb8 Kc5 65.
Rb5+ Kc6 66. Rb8 Kc7 67. Rb4 Kc6 68. Rb5 Kc7 69. a5 Kc6 70. b4 Rc1 71. a6 Rc3+
72. Kh2 Kc7 73. Rb7+ Kc8 74. b5 Rxc4 75. Rg7 Ra4 76. a7 1-0

[Event "10. Open Internacional de Málaga"]
[Site "Campillos ESP"]
[Date "2007.02.25"]
[Round "2.3"]
[White "Leite, Catarina"]
[Black "Suba, Mihai"]
[Result "0-1"]
[WhiteElo "2218"]
[BlackElo "2529"]
[PlyCount "46"]
[EventDate "2007.02.24"]
[EventType "swiss"]
[EventRounds "9"]
[EventCountry "ESP"]
[Source "lmi"]
[SourceDate "2007.02.24"]

1. e4 c5 2. Nc3 e6 3. g3 d5 4. exd5 exd5 5. d4 cxd4 6. Qxd4 Nf6 7. Bg2 Nc6 8.
Qd3 d4 9. Ne4 Bf5 10. Bg5 Bxe4 11. Bxe4 Qa5+ 12. Bd2 Qe5 13. Kf1 Nxe4 14. Re1
f5 15. f3 Bb4 16. fxe4 Bxd2 17. Nf3 Qc5 18. Nxd2 O-O 19. exf5 Nb4 20. Qc4+
Qxc4+ 21. Nxc4 Rxf5+ 22. Kg2 Nxc2 23. Rhf1 Nxe1+ 0-1

[Event "10. Open Internacional de Málaga"]
[Site "Campillos ESP"]
[Date "2007.02.25"]
[Round "2.4"]
[White "Zambrana, Oswaldo"]
[Black "Moussard, Jules"]
[Result "1/2-1/2"]
[WhiteElo "2495"]
[BlackElo "2190"]
[PlyCount "70"]
[EventDate "2007.02.24"]
[EventType "swiss"]
[EventRounds "9"]
[EventCountry "ESP"]
[Source "lmi"]
[SourceDate "2007.02.24"]

1. e4 c5 2. Nf3 d6 3. d4 cxd4 4. Nxd4 Nf6 5. Nc3 a6 6. Bg5 e6 7. f4 Qb6 8. Qd2
Qxb2 9. Nb3 Qa3 10. Bxf6 gxf6 11. Be2 Nd7 12. O-O h5 13. f5 Bh6 14. Qd4 Bg5 15.
Nb1 e5 16. Qc4 Qb2 17. a4 Nb6 18. Qd3 Bd7 19. Nc3 Rc8 20. Rf3 Nxa4 21. Nxa4
Bxa4 22. Rxa4 Rxc2 23. Bf1 Rg8 24. g3 Kf8 25. Rc4 Rxh2 26. Qc3 Qa2 27. Nc1 Bxc1
28. Rc8+ Kg7 29. Rxg8+ Kxg8 30. Qxc1 Kg7 31. Qa3 Qd2 32. Qe3 Qb2 33. Qa3 Qd2
34. Qe3 Qb2 35. Qa3 Qd2 1/2-1/2

[Event "10. Open Internacional de Málaga"]
[Site "Campillos ESP"]
[Date "2007.02.25"]
[Round "2.5"]
[White "Diogo, Vasco"]
[Black "Tratar, Marko"]
[Result "1/2-1/2"]
[WhiteElo "2208"]
[BlackElo "2478"]
[PlyCount "65"]
[EventDate "2007.02.24"]
[EventType "swiss"]
[EventRounds "9"]
[EventCountry "ESP"]
[Source "lmi"]
[SourceDate "2007.02.24"]

1. e4 c5 2. Nf3 d6 3. d4 cxd4 4. Nxd4 Nf6 5. f3 e5 6. Bb5+ Nbd7 7. Nf5 d5 8.
exd5 a6 9. Ba4 b5 10. Bb3 Nb6 11. Ne3 Bb7 12. Nc3 Bc5 13. Qd3 O-O 14. Ne4 Rc8
15. Bd2 Nbxd5 16. Nxd5 Nxd5 17. Bxd5 Qxd5 18. Qxd5 Bxd5 19. Nxc5 Rxc5 20. Bb4
Rxc2 21. Bxf8 Kxf8 22. Rd1 Bxa2 23. Rd2 Rc1+ 24. Rd1 Rc2 25. Rd2 Rc1+ 26. Rd1
Rc6 27. Kd2 a5 28. Ra1 Bb3 29. Rxa5 Rc2+ 30. Kd3 Rxb2 31. Kc3 Ra2 32. Rxb5 Be6
33. Rb2 1/2-1/2

[Event "10. Open Internacional de Málaga"]
[Site "Campillos ESP"]
[Date "2007.02.25"]
[Round "2.6"]
[White "Djuric, Stefan"]
[Black "Berbatov, Kiprian"]
[Result "1-0"]
[WhiteElo "2464"]
[BlackElo "2145"]
[PlyCount "55"]
[EventDate "2007.02.24"]
[EventType "swiss"]
[EventRounds "9"]
[EventCountry "ESP"]
[Source "lmi"]
[SourceDate "2007.02.24"]

1. e4 c5 2. Nf3 d6 3. g3 Nc6 4. Bg2 g6 5. O-O Bg7 6. c3 e5 7. a3 a5 8. a4 Nge7
9. Na3 O-O 10. Nb5 Be6 11. Re1 d5 12. Ng5 d4 13. Nxe6 fxe6 14. Qb3 Qd7 15. d3
Rae8 16. cxd4 Nxd4 17. Nxd4 cxd4 18. Bd2 Nc6 19. Rac1 Rf7 20. Rf1 Bf8 21. h4
Nb4 22. Rc4 Ra8 23. Bh3 b5 24. axb5 a4 25. Qa3 Na6 26. Qxa4 Nc7 27. Rxc7 Qd8
28. Qxa8 1-0